Online
Catalog

La economía mexicana : (Record no. 21408)

MARC details
000 -CABECERA
campo de control de longitud fija 00958nam a2200241 a 4500
001 - NÚMERO DE CONTROL
campo de control 000021910
005 - FECHA Y HORA DE LA ÚLTIMA TRANSACCIÓN
campo de control 20200930011511.0
008 - DATOS DE LONGITUD FIJA--INFORMACIÓN GENERAL
campo de control de longitud fija 100914s1973 mx a r 000 0 spa d
040 ## - FUENTE DE LA CATALOGACIÓN
Centro catalogador/agencia de origen DO-SdBNP
Lengua de catalogación spa
Centro/agencia transcriptor BNPHU
082 ## - NÚMERO DE LA CLASIFICACIÓN DECIMAL DEWEY
Número de clasificación 330.972
Número de documento/Ítem R462e
049 ## - FONDOS LOCALES (OCLC)
Fondos de biblioteca BNGR
100 1# - ENTRADA PRINCIPAL--NOMBRE DE PERSONA
Nombre de persona Reynolds, Clark W.
9 (RLIN) 45468
245 13 - MENCIÓN DE TÍTULO
Título La economía mexicana :
Resto del título su estructura y crecimiento en el siglo XX /
Mención de responsabilidad, etc. Clark W. Reynolds ; traducción carlos Villegas.
260 ## - PUBLICACIÓN, DISTRIBUCIÓN, ETC.
Lugar de publicación, distribución, etc. México, D. F. :
Nombre del editor, distribuidor, etc. Fondo de Cultura Económica,
Fecha de publicación, distribución, etc. 1973.
300 ## - DESCRIPCIÓN FÍSICA
Extensión 521 p. :
Otras características físicas il. ;
Dimensiones 23 cm.
500 ## - NOTA GENERAL
Nota general Incluye bibliografía p. [481-503].
500 ## - NOTA GENERAL
Nota general Incluye índice analítico.
534 ## - NOTA SOBRE LA VERSIÓN ORIGINAL
Encabezamiento principal del original Título original en inglés:
Mención de título del original The mexican economy: twentieh-century structure and growth.
651 #4 - PUNTO DE ACCESO ADICIONAL DE MATERIA--NOMBRE GEOGRÁFICO
Nombre geográfico México
Subdivisión general Condiciones Económicas
Subdivisión cronológica SIGLO XX
9 (RLIN) 45469
651 #4 - PUNTO DE ACCESO ADICIONAL DE MATERIA--NOMBRE GEOGRÁFICO
Nombre geográfico México
Subdivisión general Política Económica
Subdivisión cronológica SIGLO XX
9 (RLIN) 45470
650 #4 - PUNTO DE ACCESO ADICIONAL DE MATERIA--TÉRMINO DE MATERIA
Término de materia o nombre geográfico como elemento de entrada Crecimiento económico
9 (RLIN) 8530
700 1# - PUNTO DE ACCESO ADICIONAL--NOMBRE DE PERSONA
Nombre de persona Villegas, Carlos,
Término indicativo de función/relación tr.
9 (RLIN) 45471
Holdings
Estado de retiro Estado de pérdida Restricciones de uso No para préstamo Código de colección Localización permanente Ubicación/localización actual Ubicación en estantería Fecha de adquisición Número de inventario Total de préstamos Signatura topográfica completa Código de barras Fecha visto por última vez Precio válido a partir de Tipo de ítem Koha Número de copia
        Monografías: Libros y Folletos General General En catalogación 14.09.2010 LF1   330.972 R462e 21910-10 25.06.2020 25.06.2020 Préstamo en sala  
      Préstamo restrigido Monografías: Libros y Folletos General General En catalogación 14.09.2010 LF1   330.972 R462e 21910-20 25.06.2020 25.06.2020 Préstamo en sala e. 2

Powered by Koha